000
00318nam a2200145Ia 4500
005
20250423100724.0
008
250422s9999 xx 000 0 und d
020
_a
700092011022
245
0
_a
Pulication catalogue 2012
260
_a
USA
260
_b
Tughra Books
260
_c
2012
300
_a
56 p
942
_c
BK
999
_c
34158
_d
34158